[Event "Corus"]
[Site "Wijk aan Zee 68"]
[Date "2006.01.25"]
[Round "10"]
[White "Topalov, Veselin"]
[Black "Navara, David"]
[Result "1-0"]
[WhiteElo "2801"]
[BlackElo "2752"]
[Annotator "JvR"]
[PlyCount "87"]
[EventDate "2006.??.??"]
[EventCountry "NED"]

1. d4 Nf6 2. c4 e6 3. Nf3 b6 4. g3 Ba6 5. b3 Bb4+ 6. Bd2 Be7 7. Bg2 c6 8. Bc3
d5 9. Ne5 Nfd7 10. Nxd7 Nxd7 11. Nd2 O-O 12. O-O Nf6 13. e4 b5 14. exd5 exd5
15. Re1 Rb8 16. c5 Bc8 17. Nf3 Ne4 18. Rxe4 $1 {Topalov had prepared this
novelty for San Luis 2005.} ({Theory is} 18. Ne5) 18... dxe4 19. Ne5 Qd5 $1 {
Black has to defend actively.} 20. Qe1 $1 Bf5 21. g4 $1 Bg6 22. f3 {Topalov
still follows his preparation.} b4 $6 ({Topalov prefers} 22... Bxc5 $1 23. dxc5
Qxc5+ 24. Kh1 b4 25. Bb2 Qc2 26. Qc1 Qe2 {and a great battle.}) ({My
suggestion is} 22... Rbc8 $1 {(overprotects c6)} 23. fxe4 Qd8 24. Rd1 Bf6 $1)
23. fxe4 Qe6 24. Bb2 Bf6 $6 (24... Rfe8 {avoids the next trick.}) 25. Nxc6 $1
Qxc6 26. e5 Qa6 27. exf6 Rfe8 28. Qf1 $1 Qe2 $1 29. Qf2 $1 {Black gets no
counter-play.} Qxg4 30. h3 $1 Qg5 31. Bc1 $1 Qh5 32. Bf4 Rbd8 $6 (32... Rbc8 $1
{hinders the connected passed pawns (Topalov).}) 33. c6 $1 Be4 (33... Re2 34.
c7 $1 Rc8 35. Qf3 {wins for White (Topalov).}) 34. c7 Rc8 35. Re1 Qg6 36. Rxe4
$1 {Another sacrifice of the exchange clears the restraint of the d-pawn.} Rxe4
37. d5 Rce8 38. d6 Re1+ 39. Kh2 Qf5 40. Qg3 g6 41. Qg5 Qxg5 42. Bxg5 Rd1 43.
Bc6 Re2+ 44. Kg3 {Topalov had won a great game and led by half-a-point before
Anand.} 1-0

[Event "Corus"]
[Site "Wijk aan Zee 68"]
[Date "2006.01.27"]
[Round "11"]
[White "Leko, Peter"]
[Black "Mamedyarov, Shakhriyar"]
[Result "1-0"]
[WhiteElo "2740"]
[BlackElo "2709"]
[Annotator "JvR"]
[PlyCount "73"]
[EventDate "2006.??.??"]
[EventCountry "NED"]

1. e4 e5 2. Nf3 Nc6 3. Bb5 a6 4. Ba4 d6 5. O-O Bd7 6. d4 exd4 7. Nxd4 b5 8.
Nxc6 Bxc6 9. Bb3 Nf6 10. Nc3 Be7 11. Re1 O-O 12. a4 b4 $6 ({Theory is} 12...
Re8) 13. Nd5 Bxd5 14. exd5 Nd7 15. a5 Nc5 16. Ba4 Rb8 17. Bc6 Bf6 18. Qe2 Bd4
19. Rb1 Qf6 20. Rd1 h6 21. Qd2 Rfe8 $2 {Black gives away an exchange.} ({
Correct is} 21... Bc3 $1 22. Qe2 Bd4 {(Lékó)} 23. Bxh6 $1 Bxf2+ 24. Qxf2 Qxh6
25. Rd4 {and White has an advantage.}) 22. Bxe8 Rxe8 23. Qf4 b3 24. c3 Qe7 25.
Bd2 $1 Be5 26. Qg4 Ne4 27. Be3 g6 28. g3 Bg7 29. Re1 h5 30. Qe2 h4 31. Qxa6 f5
32. Qb5 Be5 33. a6 hxg3 34. fxg3 Kf7 35. a7 Rh8 36. Qb8 Rxh2 37. a8=Q 1-0

[Event "Corus"]
[Site "Wijk aan Zee 68"]
[Date "2006.01.28"]
[Round "12"]
[White "Van Wely, Loek"]
[Black "Adams, Michael"]
[Result "1/2-1/2"]
[WhiteElo "2647"]
[BlackElo "2707"]
[Annotator "JvR"]
[PlyCount "119"]
[EventDate "2006.??.??"]
[EventCountry "NED"]

1. d4 Nf6 2. c4 e6 3. Nf3 b6 4. g3 Ba6 5. b3 Bb4+ 6. Bd2 Be7 7. Nc3 O-O 8. Rc1
d5 9. cxd5 Nxd5 10. Bg2 Nd7 11. Nxd5 exd5 12. O-O Re8 13. Bf4 c5 14. dxc5 Bxc5
15. Qxd5 Nf6 16. Qxd8 Raxd8 17. Ne5 Nd5 18. Bf3 Nxf4 19. gxf4 Rd2 $5 {A
novelty has been played.} 20. Rfd1 Red8 21. Rxd2 $1 Rxd2 22. b4 $1 {Loek gives
the extra pawn for initiative.} Bxb4 23. Rc7 g6 24. e3 f5 ({An active defence
brings} 24... Rxa2 $5 25. Nxf7 $1 Ra5 $1) 25. Rxa7 Be2 26. Bxe2 Rxe2 27. Nd7
Be7 28. Nxb6 Bh4 29. a4 Rb2 30. Nd5 Rd2 $2 (30... Bxf2+ $1 31. Kf1 Bh4 32. a5
Rf2+ 33. Kg1 Rd2 {survives (Van Wely).}) 31. Rd7 Bxf2+ 32. Kf1 Bxe3 33. Nf6+ $2
{Unlucky Loek frolics in Corus 2006.} (33. a5 $1 Kf8 34. Ke1 $1 Bxf4 35. a6 Ra2
36. a7 {wins (Van Wely).}) 33... Kf8 34. Nxh7+ Ke8 35. Nf6+ Kf8 36. Nh7+ Ke8
37. Nf6+ Kf8 38. Rxd2 Bxd2 39. Nd5 Kf7 40. Ke2 Ba5 41. Kd3 Ke6 42. Kc4 Bd2 43.
Kc5 Kd7 44. Kb5 Kd6 45. Nb6 Kc7 46. a5 Kb8 47. Nd5 Ka7 48. h3 g5 49. fxg5 Bxg5
50. Nb4 f4 51. Nc6+ Kb7 52. Nd4 Bf6 53. Nf3 Ka7 54. h4 Bg7 55. h5 Kb7 56. a6+
Ka7 57. Ka5 Bc3+ 58. Kb5 Bg7 59. Nd2 Bh6 60. Nf3 1/2-1/2

[Event "Corus"]
[Site "Wijk aan Zee 68"]
[Date "2006.01.29"]
[Round "13"]
[White "Anand, Viswanathan"]
[Black "Gelfand, Boris"]
[Result "1-0"]
[WhiteElo "2792"]
[BlackElo "2723"]
[Annotator "JvR"]
[PlyCount "131"]
[EventDate "2006.??.??"]
[EventCountry "NED"]

{Anand trails Topalov by half-a-point. So Vishy needs to win in the last round.
} 1. e4 c5 2. Nf3 d6 3. d4 cxd4 4. Nxd4 Nf6 5. Nc3 a6 6. f3 e5 7. Nb3 Be6 8.
Be3 Nbd7 9. Qd2 b5 10. O-O-O Nb6 11. Qf2 Nc4 12. Bxc4 bxc4 13. Na5 Qd7 14. Rd2
$5 {Anand starts an attack on d6.} Be7 15. Rhd1 Rb8 $6 {Gelfand avoids
passivity at a price.} 16. Bc5 $1 Qc7 17. Rxd6 $1 Qxa5 18. Rxe6 fxe6 19. Bxe7
Rb7 ({Not} 19... Kxe7 $4 20. Qa7+) 20. Bd6 $1 Nd7 (20... Kf7 $5 21. f4 $1 {
(Anand)} Qb6 $1 22. Qxb6 Rxb6 23. Bxe5 {favours White.}) 21. Qh4 Qd8 22. Qh5+
g6 23. Qh6 Qf6 24. Ne2 Kf7 25. h4 $1 g5 $5 {Gelfand gives a pawn for
simplification.} 26. hxg5 Qxh6 27. gxh6 Rg8 28. g4 $5 Rg6 29. Rh1 Rb6 30. Ba3
Rf6 31. Rh3 Kg6 32. Kd2 Rf7 33. Ke3 Nf6 34. Nc3 Rd7 35. Rh1 Rc6 36. Na4 Rb7 37.
Nc3 Rb8 38. Nd1 {Anand has little winning chances. Lékó and Topalov have drawn
about this time.} Ng8 $2 {Black awakens the white rook.} 39. Rh5 Nxh6 40. Rxe5
Nf7 41. Rh5 $1 Rb5 42. Rh1 e5 43. Nc3 Rb7 44. Nd5 Re6 45. Bb4 $1 Kg7 46. Rh2
Ng5 47. Bc3 Kg8 48. Rf2 Rf7 49. Rf1 Re8 50. Ke2 Ref8 $5 ({The passive} 50...
Re6 51. Ne3 Rc7 52. Rd1 {(Ftacnik) allows a penetration.}) 51. Bxe5 Nxe4 $1 52.
Ke3 Nc5 53. f4 $1 Re8 54. Kd4 Nd7 55. Re1 Re6 $6 56. Re2 $6 {Black can play a
trick.} ({White disregards the chance} 56. Kxc4) 56... Nxe5 $6 ({Better is} 
56... Rg7 $1 57. Rg2 Nxe5 58. fxe5 {and White has an advantage (Anand).}) 57.
fxe5 Rg7 58. Nf6+ Kf7 59. Kxc4 Rg5 60. Kd4 Rb6 61. c4 Ke6 62. b3 Rb8 63. Re4 h6
64. Nd5 Rbg8 65. Nf4+ Ke7 66. e6 {Anand and Topalov have won the event.} ({
Vishy has planned} 66. e6 Rxg4 67. Nd5+ Kd6 68. c5+ Kc6 69. Ne7+) 1-0

[Event "Corus"]
[Site "Wijk aan Zee 68"]
[Date "2006.01.29"]
[Round "13"]
[White "Kamsky, Gata"]
[Black "Tiviakov, Sergei"]
[Result "0-1"]
[WhiteElo "2686"]
[BlackElo "2669"]
[Annotator "JvR"]
[PlyCount "86"]
[EventDate "2006.??.??"]
[EventCountry "NED"]

1. e4 $5 d5 2. exd5 Qxd5 3. Nc3 Qd6 4. d4 Nf6 5. Bc4 a6 6. Nf3 Bg4 7. h3 Bh5 8.
g4 Bg6 9. Ne5 Nc6 10. Nxg6 hxg6 11. Be3 e5 12. d5 $5 {Kamsky has been startled
by the opening, and chose a poor line.} Na5 $1 13. Qe2 $5 ({A fine alternative
gives} 13. Bf1 $1 O-O-O 14. a3 Nxd5 15. Nxd5 Qxd5 16. Qxd5 Rxd5 17. b4 Nc6 18.
Bg2 Rd6 19. c3) 13... Nxc4 14. Qxc4 b5 15. Qd3 $1 Nxg4 16. O-O-O Nf6 {A
critical position has been reached.} 17. f4 $6 (17. Bg5 $1 O-O-O 18. Rhe1 {
leads to pressure in the centre.}) 17... exf4 $6 (17... O-O-O $1 18. f5 gxf5
19. Qxf5+ Qd7 $1 20. Qxe5 Rh5 $1 21. Qd4 Nxd5 22. Qa7 Qc6 {gains more
advantage.}) 18. Ne4 $1 Nxe4 19. Qxe4+ Be7 20. Bd4 $2 ({Better is} 20. Bxf4 Rh4
21. Bxd6 Rxe4 22. Bxc7 {and White has a plus (Tiviakov).}) 20... f5 21. Qf3
O-O-O 22. Bxg7 Rhg8 23. Bc3 b4 24. Be1 g5 25. Qd3 Rgf8 26. Bf2 Kb7 27. Rhe1 Bf6
28. Qf3 Rfe8 29. Rf1 Re4 30. Kb1 Qe5 31. Qb3 a5 32. c3 Qd6 33. a3 Ra8 34. axb4
axb4 35. Rfe1 Rae8 36. c4 Rxe1 37. Bxe1 Re2 38. Bxb4 $2 Qb6 $1 39. c5 Qb5 40.
c6+ Kb8 $1 ({Not} 40... Kc8 $2 41. d6 $3 cxd6 42. Qg8+ {and White draws 
(Tiviakov).}) 41. d6 Rxb2+ 42. Qxb2 Bxb2 43. d7 Bf6 {Anand and Topalov won the
A-group by 9/13. Adams an Ivanchuk followed at a distance (71/2) before
Gelfand and Karjakin (7).} 0-1

[Event "Corus B"]
[Site "Wijk aan Zee 68"]
[Date "2006.01.19"]
[Round "5"]
[White "Carlsen, Magnus"]
[Black "Beliavsky, Alexander"]
[Result "1-0"]
[WhiteElo "2625"]
[BlackElo "2626"]
[Annotator "JvR"]
[PlyCount "39"]
[EventDate "2006.??.??"]
[EventCountry "NED"]

1. e4 e5 2. Nf3 Nc6 3. Bb5 a6 4. Ba4 Nf6 5. O-O b5 6. Bb3 Bb7 7. d3 Bc5 8. Nc3
d6 9. a4 Na5 10. Ba2 b4 11. Ne2 Bc8 12. c3 bxc3 13. bxc3 Bb6 14. Ng3 Be6 $2 (
14... O-O $1 {leads to De Firmian - Lugo, San Diego 2004.}) 15. d4 Bxa2 16.
Rxa2 O-O $2 ({Better is} 16... exd4 17. cxd4 h6 $5 ({Magnus Carlsen analyses} 
17... O-O $2 18. Bg5 h6 19. Bh4 $1 g5 20. Nxg5 hxg5 21. Bxg5 Nc6 22. Nh5 Bxd4
23. Qf3 {and wins}) 18. Re2 O-O 19. Qc2 Re8 20. Rfe1 {and White is going to
strike.}) 17. Bg5 $1 exd4 18. Nh5 $1 dxc3 19. Nh4 $1 Kh8 20. Nf5 {Black cannot
protect pawn g7.   The B-group was won by Carlsen and Motylev. They will play
in the highest league next year.} ({Notice} 20. Nf5 Rg8 21. Nfxg7 $1) 1-0

[Event "Corus"]
[Site "Wijk aan Zee 69"]
[Date "2007.??.??"]
[Round "2"]
[White "Topalov, Veselin"]
[Black "Van Wely, Loek"]
[Result "1-0"]
[WhiteElo "2780"]
[BlackElo "2680"]
[Annotator "JvR"]
[PlyCount "69"]
[EventDate "2007.??.??"]
[EventCountry "NED"]

{Corus 2007 was played from 13 until 28 i. Six out of fourteen participants
competed at the top: Topalov, Radjabov, Aronian. Kramnik, Anand and Svidler.
Kramnik's health had improved.} 1. e4 c5 2. Nf3 d6 3. d4 cxd4 4. Nxd4 Nf6 5.
Nc3 a6 6. Be3 e5 7. Nb3 Be7 8. Qd2 O-O 9. O-O-O b5 10. f3 Be6 11. Nd5 Bxd5 12.
exd5 Qc7 13. g4 Rc8 14. Kb1 b4 15. g5 Nfd7 16. h4 a5 17. Bh3 a4 18. Nc1 Na6 $6
{The knight stands in the way of the rooks.} ({Theory is} 18... Qb7 {(Sedlak -
Benderac, Yugoslavia 2000).}) 19. h5 Rcb8 20. g6 $1 Bf6 21. gxf7+ Kxf7 22. Be6+
Kf8 $2 ({Preferable is} 22... Ke7 $1) 23. b3 $2 ({Topalov misses} 23. Qd3 $1 b3
{(Van Wely)} 24. cxb3 axb3 25. Nxb3 {and 26. Qxh7.}) 23... Ndc5 24. Rhg1 Qe7
25. Bf5 Kg8 $2 {Loek overlooks a fine opportunity.} ({Correct is} 25... e4 $1
26. fxe4 {(Van Wely)} axb3 27. Nxb3 Na4 {and the players have mutual chances.})
26. Bxc5 $1 Nxc5 27. Qh6 $1 Kf8 28. Qxh7 Qf7 29. Nd3 axb3 30. cxb3 Nxd3 31.
Rxd3 e4 $5 32. Be6 exd3 33. Bxf7 Rxa2 34. Qg8+ $1 (34. Kxa2 $4 Ra8+ 35. Kb1
Ra1#) 34... Ke7 35. Kxa2 1-0

[Event "Corus"]
[Site "Wijk aan Zee 69"]
[Date "2007.??.??"]
[Round "4"]
[White "Radjabov, Teimour"]
[Black "Tiviakov, Sergei"]
[Result "1-0"]
[WhiteElo "2725"]
[BlackElo "2665"]
[Annotator "JvR"]
[PlyCount "149"]
[EventDate "2007.??.??"]
[EventCountry "NED"]

1. e4 c5 2. Nf3 Nc6 3. d4 cxd4 4. Nxd4 g6 5. Nc3 Bg7 6. Be3 Nf6 7. Bc4 O-O 8.
Bb3 a5 9. O-O Nxd4 10. Bxd4 d6 11. Qe2 Bd7 12. Rad1 a4 13. Bc4 Bc6 14. a3 Ra5
15. Nd5 Nd7 16. Rfe1 Re8 17. c3 e6 18. Nb4 Bf8 19. f3 Qc7 20. Qf2 Nc5 21. Rd2
Qe7 22. Rde2 Rc8 23. Ba2 Bb5 24. Rd2 Nd7 25. f4 Bc4 26. Bb1 Nc5 27. Bc2 Nb3 28.
Bxb3 Bxb3 29. Rd3 Bc4 30. Rh3 e5 31. Bb6 Rb5 32. f5 f6 $6 ({Better is the
freeing} 32... d5 $1 {(Tiviakov).}) 33. Be3 gxf5 $2 (33... g5 {keeps the pawn
structure intact.}) 34. Qxf5 $1 Be6 35. Rg3+ Kh8 36. Qf2 Bg7 37. Qd2 Rg8 38.
Rd1 Bf8 39. Rxg8+ Kxg8 40. Bh6 Bb3 41. Rf1 Rc5 42. Rf3 Rc8 43. Nd5 Bxd5 44.
Qxd5+ Kh8 45. Be3 Bg7 46. Qb5 Ra8 47. Bf2 Qc7 48. Rd3 Bf8 49. Rd5 Qc6 50. Qd3
Be7 51. Rb5 Bd8 52. Rd5 Bc7 53. h3 Rf8 54. Rb5 Ra8 55. Rd5 Rg8 56. Kh2 Rg6 57.
c4 Rg8 58. Bh4 Rg6 59. Qf3 Kg7 60. c5 $5 dxc5 61. Qf5 {Tiviakov defended well
for a long time.} Bd6 $2 ({Ok is} 61... Bb6 $1 62. Qd7+ Kg8 $1 63. Qe7 c4 64.
g4 Rg7 65. Qxf6 Rf7 $1 {(Tiviakov).}) 62. Qe6 $1 f5 $1 63. Qxf5 Qc7 64. Bg3 Rf6
65. Qh5 Re6 66. Qe2 Kf8 67. Qd1 b5 68. Qf1+ Ke8 69. Qxb5+ Qd7 70. Qe2 Qf7 71.
Qa6 $1 Qd7 72. Qa8+ Kf7 73. Qh8 $1 h6 74. Qh7+ Ke8 75. Qg8+ {Radjabov ended
the game by a brilliant encircling manoeuvre.} 1-0

[Event "Corus"]
[Site "Wijk aan Zee 69"]
[Date "2007.??.??"]
[Round "5"]
[White "Navara, David"]
[Black "Radjabov, Teimour"]
[Result "0-1"]
[WhiteElo "2715"]
[BlackElo "2725"]
[Annotator "JvR"]
[PlyCount "68"]
[EventDate "2007.??.??"]
[EventCountry "NED"]

1. d4 Nf6 2. Nf3 g6 3. c4 Bg7 4. Nc3 O-O 5. Bg5 c5 6. d5 b5 7. Nxb5 $5 ({
Theory is} 7. cxb5 a6 {and Black plays a kind of Volga Gambit.}) 7... Ne4 $1 8.
Bc1 a6 9. Na3 Qa5+ 10. Nd2 e6 $6 ({Preferable is} 10... d6) 11. g3 exd5 12. Bg2
Nxd2 13. Bxd2 Qd8 $5 14. cxd5 a5 (14... Bxb2 $6 15. Nc4 Bxa1 16. Qxa1 {favours
White.}) 15. Bc3 d6 16. O-O Ba6 17. Qd2 Bxc3 18. bxc3 Nd7 19. Rab1 f5 20. Nb5
Ne5 21. e4 $2 {White loses his edge.} (21. a4 $1 {gives the knight extra
protection.}) 21... Nc4 22. Qc1 a4 $5 23. exf5 Qd7 $1 24. fxg6 ({Not} 24. Na3
$2 Nxa3 25. Qxa3 Bxf1 26. Rxf1 Qxf5) 24... Bxb5 25. Qg5 (25. gxh7+ Kh8 26. Re1
Ne5 27. c4 $1 Ba6 28. f4 $1 {brings a fine counteraction.}) 25... Ne5 26. gxh7+
Kh8 27. Rfe1 Bd3 28. Rb6 $2 (28. Rbd1 Bc2 29. Rd2 Qf5 30. Qxf5 Bxf5 {leads to
great compensation for the piece.}) 28... Rae8 $1 29. Re3 $2 Nc4 30. Rxd3 $2
Re1+ 31. Bf1 Qh3 32. Qg8+ Rxg8 33. hxg8=Q+ Kxg8 34. Rb8+ Kg7 {Radjabov had a
great start in the event and took the lead.} 0-1

[Event "Corus"]
[Site "Wijk aan Zee 69"]
[Date "2007.??.??"]
[Round "6"]
[White "Kramnik, Vladimir"]
[Black "Anand, Viswanathan"]
[Result "1-0"]
[WhiteElo "2765"]
[BlackElo "2775"]
[Annotator "JvR"]
[PlyCount "105"]
[EventDate "2007.??.??"]
[EventCountry "NED"]

1. d4 Nf6 2. c4 e6 3. g3 d5 4. Bg2 Be7 5. Nf3 O-O 6. O-O dxc4 7. Qc2 a6 8. Qxc4
b5 9. Qc2 Bb7 10. Bd2 Ra7 11. Rc1 Be4 12. Qb3 Nc6 13. e3 Qa8 14. Qd1 Nb8 15.
Ba5 Rc8 16. a3 $5 ({Theory is} 16. Nbd2 {(Gelfand - Karjakin, Wijk aan Zee
2006).}) 16... Bd6 17. Nbd2 Bd5 18. Qf1 Nbd7 19. b4 $1 {White prevents . .. c5
but cages a bishop.} e5 $1 20. dxe5 Bxe5 $5 21. Nxe5 Nxe5 22. f3 $1 {Kramnik
wants to keep his advantages.} Nc4 $2 ({Preferable is} 22... Nc6 $1 23. e4 Be6
24. Qf2 Nxa5 25. bxa5 {(Kramnik)} c5 $1 26. Rxc5 Rd8 27. Nf1 Rd3) 23. Nxc4 Bxc4
24. Qf2 Re8 25. e4 c6 26. Rd1 Rd7 27. Rxd7 Nxd7 28. Rd1 Qb7 29. Rd6 $1 f6 30.
f4 {The two bishops and fine pawn structure have remained.} Re6 31. Rd2 Re7 32.
Qd4 Nf8 33. Qd8 Rd7 $5 34. Rxd7 Qxd7 35. Qxd7 Nxd7 36. e5 $5 fxe5 37. Bxc6 Nf6
38. Bb7 exf4 39. gxf4 Nd5 40. Kf2 $1 Nxf4 $6 ({Kramnik ptrefers} 40... Bb3 $1
41. Bxa6 Ba4 42. Kf3 Nc3 {but} 43. Bc8 $1 {attacks vividly.}) 41. Ke3 g5 ({Or} 
41... Ne2 42. Kd2 $1 Kf7 43. Bxa6 Nd4 44. Bb6 $1 Nf3+ 45. Kc3 Nxh2 46. a4 Ng4
47. a5 $1 Nf6 48. Kd4 {(Kramnik).}) 42. Bxa6 Kf7 43. a4 Ke7 44. Bxb5 Bxb5 45.
axb5 Kd7 46. Ke4 Ne2 47. Bb6 g4 48. Bf2 Nc3+ 49. Kf5 Nxb5 50. Kxg4 Ke6 51. Kg5
Kf7 52. Kf5 Ke7 53. Bc5+ {Kramnik showed his accurate positional play.} 1-0

[Event "Corus"]
[Site "Wijk aan Zee 69"]
[Date "2007.??.??"]
[Round "7"]
[White "Ponomariov, Ruslan"]
[Black "Topalov, Veselin"]
[Result "0-1"]
[WhiteElo "2720"]
[BlackElo "2780"]
[Annotator "JvR"]
[PlyCount "116"]
[EventDate "2007.??.??"]
[EventCountry "NED"]

1. d4 Nf6 2. c4 g6 3. Nc3 Bg7 4. e4 d6 5. h3 O-O 6. Bg5 c5 7. d5 e6 8. Bd3 exd5
9. cxd5 Re8 10. Nge2 Nbd7 11. O-O h6 $5 ({Theory is} 11... a6) 12. Be3 Ne5 13.
a4 Nxd3 14. Qxd3 b6 {Topalov has equalised easily.} 15. Ng3 Nh7 16. f4 h5 17.
f5 $1 h4 18. fxg6 fxg6 19. Nge2 g5 $1 {Black counters timely.} 20. Rf2 a6 21.
Raf1 Ra7 $1 22. Nb1 $5 {White uses a slow plan. He will jump his knights to d2
and c3 for centre exploits.} g4 ({The capture} 22... Bxb2 $5 23. Nec3 $1 Bxc3
24. Nxc3 Rg7 {would be two-edged.}) 23. hxg4 Bxg4 24. Nd2 $6 ({Ponomariov
suggests} 24. Nbc3 $5) 24... Bxb2 $1 25. Nc3 Rg7 26. Nc4 Bxc3 27. Qxc3 Bh5 28.
Bf4 Rxe4 29. Ne3 $2 ({Not} 29. Bxd6 $2 Rxc4 $1) ({Right is} 29. Qc2 $1 Rd4 30.
Bh6 Rg6 31. Rf8+ $1 Nxf8 32. Rxf8+ Qxf8 33. Bxf8 Kxf8 34. Qf5+ Kg7 35. Qd7+ Kh6
36. Nxd6 {and White has escaped (Ponomariov).}) 29... Qf6 $1 30. Qc2 Bg6 31.
Ng4 Qd4 32. Nh6+ Kh8 33. Bc1 Re1 34. Qd2 Rxf1+ 35. Kxf1 Bd3+ 36. Kg1 Ng5 37.
Kh2 Ne4 38. Rf8+ Kh7 39. Qf4 Nc3 40. Qxd4 cxd4 41. Nf7 Ne4 42. Bb2 Bf1 43. Rh8+
Kg6 44. Rxh4 Kxf7 45. Rf4+ Kg8 46. Rxf1 Rh7+ 47. Kg1 d3 48. Rd1 Rh1+ 49. Kxh1
Nf2+ 50. Kg1 Nxd1 51. Bc1 Nb2 52. Kf2 Nxa4 53. Bf4 Nc3 54. Kf3 a5 55. Bd2 Nb1
56. Bf4 a4 57. Bxd6 d2 58. Ke2 Nc3+ {Topalov and Radjabov competed for the
lead.} 0-1

[Event "Corus"]
[Site "Wijk aan Zee 69"]
[Date "2007.??.??"]
[Round "8"]
[White "Radjabov, Teimour"]
[Black "Aronian, Levon"]
[Result "0-1"]
[WhiteElo "2725"]
[BlackElo "2740"]
[Annotator "JvR"]
[PlyCount "130"]
[EventDate "2007.??.??"]
[EventCountry "NED"]

1. d4 Nf6 2. c4 e6 3. Nf3 d5 4. Nc3 Bb4 5. cxd5 exd5 6. Bg5 Nbd7 7. e3 c5 8.
Be2 Qa5 9. O-O O-O 10. Qc2 Bxc3 11. bxc3 Ne4 12. c4 cxd4 13. cxd5 $5 ({Or} 13.
exd4 $1 Nxg5 14. Nxg5 Nf6 15. c5 {(Gil Capape - Campora, Zaragoza 1992).})
13... Re8 14. Rad1 $6 (14. exd4 Nb6 15. Bd3 {levels (Krasenkow).}) 14... h6 15.
Bh4 $5 dxe3 16. fxe3 Nc3 17. Be1 Rxe3 18. Bd3 Qc5 $1 19. Qxc3 Rxe1+ 20. Qxc5
Rxf1+ 21. Bxf1 Nxc5 22. Ne5 Nd7 23. Nc4 Nf6 24. Be2 Bd7 25. Bf3 Rd8 26. Ne5 Bf5
27. d6 Nd7 {White has compensation for the pawn.} 28. Nc4 b6 29. a3 Kf8 30. Kf2
Rc8 $1 31. Ne3 $6 (31. Be2 $1 Be6 32. Rd4 {defends well.}) 31... Be6 32. Nd5 $5
Rc2+ $1 33. Kg3 Ne5 34. Nc7 Bd7 35. Na6 Ke8 36. Re1 f6 37. Re3 Kd8 38. Bd5 Rd2
39. Nc7 Bf5 40. Kf4 g6 41. Rc3 Kd7 42. Ke3 Rd3+ 43. Rxd3 Bxd3 44. Be4 Bxe4 45.
Kxe4 Kxd6 46. Nb5+ Kc5 $1 47. Nxa7 Nc4 48. a4 Nd6+ 49. Kd3 Kb4 50. Kd4 Nf5+ 51.
Kd5 Ne3+ 52. Ke6 f5 $1 53. Nc8 Nxg2 54. Nxb6 f4 55. Nd5+ Kxa4 56. Kf6 f3 57.
Nc3+ Kb4 58. Ne4 Nh4 59. Kg7 h5 60. Kh6 Kc4 61. Kg5 Kd3 $1 62. Ng3 Nf5 63. Nh1
Ne7 64. Kf6 Ke2 65. h4 Kf1 0-1

[Event "Corus"]
[Site "Wijk aan Zee 69"]
[Date "2007.??.??"]
[Round "10"]
[White "Karjakin, Sergey"]
[Black "Anand, Viswanathan"]
[Result "0-1"]
[WhiteElo "2675"]
[BlackElo "2775"]
[Annotator "JvR"]
[PlyCount "126"]
[EventDate "2007.??.??"]
[EventCountry "NED"]

1. e4 c5 2. Nf3 d6 3. d4 cxd4 4. Nxd4 Nf6 5. Nc3 a6 6. Be3 e5 7. Nb3 Be6 8. Qd2
Nbd7 9. O-O-O b5 10. f3 Be7 11. g4 O-O 12. g5 b4 13. Ne2 Ne8 14. h4 ({Karjakin
did} 14. f4 {in the previous event. Now another long theoretical line is used.}
) 14... a5 15. Kb1 Nb6 16. Ng3 a4 17. Nc1 d5 18. Bxb6 Qxb6 19. exd5 Rd8 20. Bc4
Nc7 21. dxe6 Rxd2 22. exf7+ Kh8 23. Rxd2 Nb5 (23... Qc6 {stems from Lékó -
Karjakin, Wijk aan Zee 2006.}) 24. Bxb5 Qxb5 25. Nf5 Rxf7 26. Nxe7 Rxe7 27.
Rd8+ $5 Re8 28. Rhd1 Rg8 $1 {White should organize a fortress with the rook,
knight and pawn versus the queen.} 29. b3 $6 a3 $1 {Square b2 has become weak
for White.} 30. R1d5 $2 ({More solid id} 30. Rxg8+ Kxg8 31. Rd8+ Kf7 32. Nd3)
30... Qf1 $1 31. Rxg8+ Kxg8 32. Rxe5 Qxf3 33. Rc5 Qh1 34. Rc4 Qe1 35. Rf4 h5
36. gxh6 gxh6 37. Rg4+ $6 Kf7 38. Rf4+ Kg6 39. Rg4+ Kf5 40. Rc4 h5 41. Rc5+ Kg4
42. Rc4+ Kf3 43. Rd4 Qe5 44. c3 Qh2 45. Rd3+ Ke4 46. Rd4+ Kf5 47. Nd3 Qd2 48.
Rd5+ Kf6 (48... Ke4 $1 49. c4 Ke3 50. Re5+ Kd4 {will mate quickly.}) 49. c4
Qd1+ 50. Nc1 Qg4 51. Rd2 Qxh4 52. Nd3 Qd4 53. Kc2 h4 (53... Qc3+ 54. Kd1 h4 {
keeps pawn b4 on the board.}) 54. Nxb4 Qb2+ 55. Kd1 Qb1+ 56. Ke2 Qe4+ 57. Kd1
h3 58. Nd3 Qh1+ 59. Ke2 h2 60. Nf2 Qg2 61. Ke3 Ke7 62. Rd5 $6 ({Anand analyses
} 62. Rd1 $1 Qg3+ 63. Ke2 Qe5+ 64. Kd2 Kd6 65. Kc2+ Kc6 66. Rd2 Qe3 67. Kd1
Qxf2 $1 68. Rxf2 h1=Q+ 69. Kd2 Qb1 {and Black takes the fortress gradually.})
62... h1=Q $1 63. Nxh1 Qxa2 $1 0-1

[Event "Corus"]
[Site "Wijk aan Zee 69"]
[Date "2007.??.??"]
[Round "12"]
[White "Van Wely, Loek"]
[Black "Svidler, Peter"]
[Result "1-0"]
[WhiteElo "2680"]
[BlackElo "2725"]
[Annotator "JvR"]
[PlyCount "43"]
[EventDate "2007.??.??"]
[EventCountry "NED"]

{Svidler had upset Topalov in the previous round and competed at the top.} 1.
d4 Nf6 2. c4 g6 3. Nc3 d5 4. cxd5 Nxd5 5. e4 Nxc3 6. bxc3 Bg7 7. Bc4 c5 8. Ne2
Nc6 9. Be3 O-O 10. O-O Bd7 11. Rb1 Qc7 12. Bf4 Qc8 13. Rc1 a6 $5 14. Qd2 b5 15.
Bd3 Qb7 16. Bh6 Bxh6 $5 {Loek had judged this move as risky at home.} (16...
Qb6 $5 {drew in Shipov - Zinchenko, Moscow 2007.}) 17. Qxh6 cxd4 18. cxd4 Qb6
$2 ({Van Wely prefers} 18... Qa7 $1) 19. Rc5 $3 Bg4 $2 ({The pointe is} 19...
Nxd4 $2 20. Rh5 $1) (19... Rfd8 $2 20. Rh5 $3 gxh5 21. e5 f5 22. exf6 exf6 23.
Qxh7+ Kf8 24. Nf4 {also triumphs}) ({But} 19... f6 $1 20. Rfc1 $1 {(Van Wely)}
e5 $1 {defends properly.}) 20. Nf4 $1 Nxd4 ({Or} 20... Rfd8 21. Rg5 $1) 21. Rg5
$1 Bf3 22. Rg3 $1 {Radjabov and Topalov led on Aronian at the end of the
penultimate round.} 1-0